Taylor Swift 109 - Statistics

General Stats
  • This quiz has been taken 8 times
    5 since last reset
  • The average score is 410 of 418
Answer Stats
Answer % Correct
100
100%
a
100%
all
100%
allegiance
100%
alone
100%
and
100%
are
100%
around
100%
as
100%
be
100%
because
100%
been
100%
before
100%
'bout
100%
but
100%
calling
100%
came
100%
can
100%
care
100%
'cause
100%
come
100%
daughter
100%
don't
100%
dreaming
100%
drowned
100%
drowning
100%
dug
100%
eldest
100%
fantasy
100%
fate
100%
for
100%
from
100%
grave
100%
hands
100%
has
100%
heard
100%
heart
100%
hell
100%
her
100%
honing
100%
I
100%
if
100%
in
100%
inside
100%
into
100%
it
100%
it's
100%
just
100%
keep
100%
key
100%
land
100%
late
100%
legend
100%
like
100%
lingered
100%
lit
100%
lived
100%
locked
100%
longer
100%
love
100%
loyalty
100%
me
100%
megaphone
100%
melancholy
100%
memory
100%
might've
100%
mine
100%
my
100%
myself
100%
never
100%
night
100%
no
100%
nobleman
100%
now
100%
of
100%
on
100%
one
100%
only
100%
Ophelia
100%
out
100%
pledge
100%
possess
100%
powers
100%
purgatory
100%
quite
100%
right
100%
sat
100%
saved
100%
sea
100%
see
100%
sky
100%
sleepless
100%
team
100%
that
100%
the
100%
time
100%
to
100%
tower
100%
vibe
100%
vibes
100%
wanna
100%
was
100%
were
100%
where
100%
wrap
100%
you
100%
you'd
100%
your
100%
you're
100%
you've
100%
bed
67%
blow
67%
chain
67%
cold
67%
crown
67%
deceived
67%
fire
67%
full
67%
match
67%
pulling
67%
pyro
67%
sanity
67%
scorpions
67%
stole
67%
swore
67%
'tis
67%
up
67%
venom
67%
vine
67%
watch
67%
light
33%
No matching quizzes found
Score Distribution
Percent of People with Each Score
Percentile by Number Answered
Your Score History
You have not taken this quiz since the last reset